Statystyki dla Do jakiego państwa ma najbliżej to miasto? #1

Kliknij tutaj aby rozwiązać quiz!

Ogólne statystyki

  • Ten quiz został rozwiązany 89 razy
    (84 od ostatniego zresetowania)
  • Średni wynik to 8 z 13

Statystyki odpowiedzi

MiastokmPaństwo% Poprawnych
Goteborg63Dania
87%
Łódź213Czechy
84%
Nikozja101Turcja
80%
Rio de
Janeiro
1.110Argentyna
78%
Reykjavik1.041Wielka
Brytania
68%
Mumbaj609Pakistan
63%
Miami90Bahamy
59%
Kowno65Rosja
57%
Kazań459Kazachstan
49%
Perth2.432Indonezja
43%
Palermo234Tunezja
41%
Lagos67Benin
35%
Bari203Czarnogóra
19%

Rozkład punktacji

Percentyl według liczby udzielonych odpowiedzi

Procent ludzi z każdym wynikiem

Twoja historia wyników

Nie rozwiązałeś tego quizu od ostatniego zresetowania